000
00217nam a22000857a 4500
008
160701b xxu||||| |||| 00| 0 eng d
100
_9
1655
_a
`Aggarwal, M.L
245
_a
Mathematics - XII
260
_a
New Delhi
_b
Arya
_c
2005
999
_c
1375
_d
1375